| 000 | 01034cam a2200241 4500 | ||
|---|---|---|---|
| 001 | WB3743-27 | ||
| 008 | 011113n2001 000 0 eng u | ||
| 035 | _a(Sirsi) u115582 | ||
| 245 | _aSt Paul's 'blight' on City | ||
| 260 | _c2001 | ||
| 490 |
_aEstates Gazette _v(0145) 10 November 2001, 39(1) |
||
| 520 | _aAt the third week of the planning inquiry into Heron's proposed tower at 110 Bishopsgate, EC2 the City Corporation put its full support behind the scheme, arguing that St Paul's Cathedral should not be allowed to prevent development of the City. The contest between Heron and English Heritage has centred on the impact of Heron tower upon views of St Pauls Cathedral on the London skyline. | ||
| 590 | _aWB | ||
| 650 | _aST PAULS CATHEDRAL | ||
| 650 | _aPLANNING INQUIRIES | ||
| 650 | _aDEVELOPMENT | ||
| 650 | _aHERON TOWER | ||
| 650 | _aTALL BUILDINGS | ||
| 650 | _aHIGH RISE BUILDINGS | ||
| 650 | _aCITY OF LONDON | ||
| 690 | _aENVIRONMENTAL AND LAND CONSULTANCY-PLANNING AND DEVELOPMENT | ||
| 942 | _n0 | ||
| 999 |
_c68836 _d68836 |
||